| 000 | 00914nam a2200217Ia 4500 | ||
|---|---|---|---|
| 999 |
_c40728 _d40728 |
||
| 001 | 7366 | ||
| 003 | GE_BSU | ||
| 005 | 20231121161127.0 | ||
| 008 | 181216s? ||||ge |||||||||||||| ||geo|| | ||
| 040 | _cGE_BSU | ||
| 041 | _ageo | ||
| 080 | _a657.1.011 : 044 ა-16 | ||
| 100 |
_aაბესაძე, თემურ _920458 |
||
| 245 |
_aსასწავო კურსი კომპიუტერულ საბუღალტრო პროგრამა ორის-ბურალტერიაში / _cთემურ აბესაძე. |
||
| 264 |
_aთბილისი : _b[გ.გ], _c?. |
||
| 300 |
_a244 გვ. : _bილ. ; _c29 სმ. |
||
| 541 | _h20ლ. | ||
| 653 | _aორის-ბურალტერია | ||
| 653 | _aსასწავო კურსი კომპიუტერულ საბუღალტრო პროგრამა | ||
| 942 |
_cBK _2udc |
||